| 000 | 00644nam a2200205 a 4500 | ||
|---|---|---|---|
| 001 | 2073 | ||
| 003 | CDMR | ||
| 005 | 20151022114802.0 | ||
| 008 | 130130s1991||||||||||||||||||||||||||||d | ||
| 020 | _a8439316399 | ||
| 040 |
_aCDMR _bcat _cCDMR |
||
| 100 | 1 |
_aTudela, Xavier _91233 |
|
| 245 | 1 | 3 |
_aLa informació a les institucions de la Comunitat Europea _cXavier Tudela |
| 260 |
_aBarcelona _c1991 _bGeneralitat de Catalunya. Centre d'Investigació de la Comunicació |
||
| 300 | _a84 p. | ||
| 490 | 0 |
_aInformes _v5 |
|
| 650 | 0 | 4 |
_93870 _aComunicació en l'administració _zEuropa |
| 610 | 2 |
_92840 _aUnió Europea _xOrganització |
|
| 942 |
_cMON _2udc |
||
| 999 |
_c2073 _d2073 |
||